Cost-effective community involvement in planning (Record no. 79559)

MARC details
000 -LEADER
fixed length control field 01222cab a22002175a 4500
001 - CONTROL NUMBER
control field L141655
008 - FIXED-LENGTH DATA ELEMENTS--GENERAL INFORMATION
fixed length control field 071210s2007 xxk f 000 0 eng d
035 ## - SYSTEM CONTROL NUMBER
System control number (Sirsi) u141655
041 0# - LANGUAGE CODE
Language code of text/sound track or separate title eng
100 1# - MAIN ENTRY--PERSONAL NAME
Personal name Pearce, Barry
245 00 - TITLE STATEMENT
Title Cost-effective community involvement in planning
Remainder of title part 1, a gaping hole in the advice
260 ## - PUBLICATION, DISTRIBUTION, ETC.
Date of publication, distribution, etc. 2007
490 ## - SERIES STATEMENT
Series statement Town & Country Planning
Volume/sequential designation 76(10) October 2007, 345-349(5)
520 ## - SUMMARY, ETC.
Summary, etc. First of this two-article series (see also L141656) argues that there are deficiencies in the UK government's advice to local planning authorities and developers on achieving community involvement in developments. Community involvement can be achieved by following government guidelines, but there is little advice on how to achieve this goal with cost-effective resources. Considers cost and benefit ratios, and provides typical costs for a number of public consultation methods. Examines how cost-effective community involvement might be achieved.
590 ## - LOCAL NOTE (RLIN)
Local note KA
650 24 - SUBJECT ADDED ENTRY--TOPICAL TERM
Topical term or geographic name entry element PLANNING POLICY STATEMENT ONE
650 24 - SUBJECT ADDED ENTRY--TOPICAL TERM
Topical term or geographic name entry element PLANNING AND COMPULSORY PURCHASE ACT 2004
651 #4 - SUBJECT ADDED ENTRY--GEOGRAPHIC NAME
Geographic name United Kingdom
Chronological subdivision
690 ## - LOCAL SUBJECT ADDED ENTRY--TOPICAL TERM (OCLC, RLIN)
Topical term or geographic name as entry element ENVIRONMENTAL AND LAND CONSULTANCY-PLANNING AND DEVELOPMENT
942 ## - ADDED ENTRY ELEMENTS (KOHA)
Suppress in OPAC 0
Holdings
Withdrawn status Lost status Source of classification or shelving scheme Damaged status Not for loan Home library Current library Shelving location Date acquired Total Checkouts Full call number Barcode Date last seen Copy number Price effective from Koha item type
    Dewey Decimal Classification     London London Journal article 10/12/2007   L141655 141655-1001 06/08/2019 1 06/08/2019 Journal article